MARC details
| 000 -LEADER |
| fixed length control field |
01294cam a2200361 a 4500 |
| 001 - CONTROL NUMBER |
| control field |
z9livm b1382941 |
| 003 - CONTROL NUMBER IDENTIFIER |
| control field |
OCoLC |
| 005 - DATE AND TIME OF LATEST TRANSACTION |
| control field |
20250117154200.0 |
| 008 - FIXED-LENGTH DATA ELEMENTS--GENERAL INFORMATION |
| fixed length control field |
970224t19971997onca j 000 1 spa d |
| 020 ## - INTERNATIONAL STANDARD BOOK NUMBER |
| International Standard Book Number |
1550374494 : |
| 020 ## - INTERNATIONAL STANDARD BOOK NUMBER |
| International Standard Book Number |
9781550374490 |
| 040 ## - CATALOGING SOURCE |
| Original cataloging agency |
LIV |
| Language of cataloging |
eng |
| Transcribing agency |
LIV |
| 041 1# - LANGUAGE CODE |
| Language code of text/sound track or separate title |
spa |
| Language code of original |
eng |
| 090 ## - LOCALLY ASSIGNED LC-TYPE CALL NUMBER (OCLC); LOCAL CALL NUMBER (OCLC) |
| Classification number (OCLC) (R) ; Classification number, CALL (RLIN) (NR) |
jSPAN PIC |
| Local cutter number (OCLC) ; Book number/undivided call number, CALL (RLIN) |
WAY |
| 100 1# - MAIN ENTRY--PERSONAL NAME |
| Personal name |
Von Konigslow, Andrea Wayne |
| 245 10 - TITLE STATEMENT |
| Title |
Me querrias tu? / |
| Statement of responsibility, etc. |
escrito e ilustrado por Andrea Wayne von Konigslow ; traduccion de Beatriz Zeller. |
| 246 30 - VARYING FORM OF TITLE |
| Title proper/short title |
Would you love me? |
| 250 ## - EDITION STATEMENT |
| Edition statement |
Spanish. |
| 260 ## - PUBLICATION, DISTRIBUTION, ETC. (IMPRINT) |
| Place of publication, distribution, etc. |
Toronto : |
| Name of publisher, distributor, etc. |
Annick Press, |
| Date of publication, distribution, etc. |
c1997. |
| 264 #1 - PRODUCTION, PUBLICATION, DISTRIBUTION, MANUFACTURE, AND COPYRIGHT NOTICE |
| Place of production, publication, distribution, manufacture |
Toronto : |
| Name of producer, publisher, distributor, manufacturer |
Annick Press, |
| Date of production, publication, distribution, manufacture, or copyright notice |
[1997] |
| 264 #4 - PRODUCTION, PUBLICATION, DISTRIBUTION, MANUFACTURE, AND COPYRIGHT NOTICE |
| Date of production, publication, distribution, manufacture, or copyright notice |
c1997. |
| 300 ## - PHYSICAL DESCRIPTION |
| Extent |
30 unnumbered pages : |
| Other physical details |
color illustrations ; |
| Dimensions |
21 cm. |
| 336 ## - CONTENT TYPE |
| Content type term |
text |
| Content type code |
txt |
| Source |
rdacontent. |
| 337 ## - MEDIA TYPE |
| Media type term |
unmediated |
| Media type code |
n |
| Source |
rdamedia. |
| 338 ## - CARRIER TYPE |
| Carrier type term |
volume |
| Carrier type code |
nc |
| Source |
rdacarrier. |
| 500 ## - GENERAL NOTE |
| General note |
Translation of: Would you love me? |
| 520 ## - SUMMARY, ETC. |
| Summary, etc. |
Colorful illustrations and rhyming text ask questions like "Would you love a rooster that wakes people up?" or "Would you love a skunk that is stinky and smelly?" |
| 526 0# - STUDY PROGRAM INFORMATION NOTE |
| Program name |
Accelerated Reader AR |
| Interest level |
LG |
| Reading level |
2.3 |
| Title point value |
0.5 |
| Public note |
43437. |
| 650 #1 - SUBJECT ADDED ENTRY--TOPICAL TERM |
| Topical term or geographic name as entry element |
Spanish language materials |
| Form subdivision |
Fiction. |
| 655 #7 - INDEX TERM--GENRE/FORM |
| Genre/form data or focus term |
Fiction. |
| Source of term |
lcgft. |
| 700 1# - ADDED ENTRY--PERSONAL NAME |
| Personal name |
Hausner, Beatriz. |
| 942 ## - ADDED ENTRY ELEMENTS (KOHA) |
| Koha item type |
Libro/Book |
| Source of classification or shelving scheme |
Dewey Decimal Classification |